What is the Official Language of...? - Statistics

General Stats
  • This quiz has been taken 42 times
  • The average score is 14 of 16
Answer Stats
Country Answer % Correct
Bosnia & Herzegovina Bosnian, Serbian & Croatian
100%
St. Lucia English
100%
Cyprus Turkish & Greek
100%
Jordan Arabic
97%
Liechtenstein German
97%
Burkina Faso French
94%
Latvia Latvian
94%
North Macedonia Macedonian
94%
Kosovo Albanian & Serbian
91%
Georgia Georgian & Abkhaz (in Abkhazia)
91%
Uzbekistan Uzbek
91%
Indonesia Indonesian
89%
Bangladesh Bengali
86%
Angola Portuguese
83%
Montenegro Montenegrin
66%
Tuvalu Tuvaluan
66%
No matching quizzes found
Score Distribution
Percent of People with Each Score
Percentile by Number Answered
Your Score History
You have not taken this quiz